000 00528nam a2200181Ia 4500
999 _c29648
_d29648
003 OSt
005 20210108153740.0
008 190216s9999||||xx |||||||||||||| ||und||
020 _a9788126419296
040 _coclc
082 _a894.812301
_bKUN/E
100 _a Kunhabdulla, Punathil
_96411
245 0 _aEnte Priyappetta Kathakal /
_cPunathil Kunhabdulla
260 _bDc Books,
_c2010.
_aKottayam:
300 _a156p
650 _aKathakal
942 _cBK
_2ddc
_h894.812301
_iKUN/E
_k894.812301
_mKUN/E